00905nam a22002297a 4500003000400000005001700004008004100021040002400062100002400086245008600110260005000196300004000246502010000286610001600386650002300402650003900425650001900464650004600483655004200529700003900571856006500610OSt20180108173705.0180108s2017 spc||||fsm||||0|| 0 cat|d aES-BaCBUbcatcCDMR1 aDaza Tapia, Andrea,10aFent notícies a l'ARA. Integració de redaccions en un procés de nova planta a[Barcelona] :bUniversitat Ramon Llull,c2017 a1 recurs en línia (280 pàgines) gTesibDoctoratcUniversitat Ramon Llull. FCRIB - Comunicació i Relacions Internacionalsd201724aAra (Diari)07aPeriodisme2lemac  7aDiaris catalanszCatalunya2lemac 04aPremsa digital07aMitjans de comunicació de massa2lemac  4aTesis i dissertacions electròniques1 aMasip, Pereesupervisor acadèmic40z(Accés en línia)uhttp://www.tdx.cat/handle/10803/406357